00586cam a2200217u 4500001000800000005001700008008004100025010001700066040001900083041000800102043001200110080000800122082001200130100000700142101000800149245002600157906004500183942001200228999001700240952011100257704877120180112035041.0830422s1964 enkg b 000 0ceng  a 64021274  aDLCcCarPdDLC aeng ae-uk-en a821 2821 HAR1 a21 aGJL10aShakespeare in music; a0bcbccpremunvduencipf19gy-gencatlg 2ddccBK c40158d40158 00102udc40708PËKGa002b002cPËKGd2018-01-12l0o821 HARp002-2995273r2018-01-12w2018-01-12yBK